| Record ID | marc_records_scriblio_net/part09.dat:47270186:863 |
| Source | Scriblio |
| Download Link | /show-records/marc_records_scriblio_net/part09.dat:47270186:863?format=raw |
LEADER: 00863cam 22002531p 4500
001 75575377 //r95
003 DLC
005 19950227125037.5
008 790914s1973 sp af b 00010 spa
010 $a 75575377 //r95
015 $aSp74-Apr
020 $a847039083X
040 $aDLC$cDLC$dDLC
050 00 $aPQ6439$b.F75 1973
082 00 $a862/.3
100 10 $aVega, Lope de,$d1562-1635.
245 10 $aFuente Ovejuna :$bdos comedias /$cLope de Vega, Cristóbal de Monroy ; edición, introducción y notas de Francisco López Estrada.
250 $a2. ed. rev.
260 0 $aMadrid :$bCastalia,$c1973.
300 $a361 p., [4] leaves of plates :$bill. ;$c18 cm.
440 0 $aClásicos Castalia ;$v10
504 $aBibliography: p. 29-34
700 22 $aMonroy y Silva, Cristóbal de,$d1612-1649.$tFuente Ovejuna.$f1973.
700 21 $aLópez Estrada, Francisco,$eed.